000 00954cam a2200289 4500
001 J2979
008 090401t1995 xxu||||| |||| 00| 0 eng d
035 _a(Sirsi) u52349
041 _aeng
050 _a692.8
090 _aJCT 1995/2A
110 _aJoint Contracts Tribunal
_93664
245 _aIntermediate Form of Building Contract 1984 edition incorporating Amendments 1 to 7: Supplemental Conditions C and D fluctuation clauses.
260 _aLondon
_bRIBA Publications Ltd
_c1995
300 _a8p. ; 30cm.
350 _a5.5
650 _aBUILT ENVIRONMENT-BUILDING CONTRACT FORMS
650 _aFLUCTUATION CLAUSES
650 _aFLUCTUATIONS
650 _aJCT INTERMEDIATE FORM OF BUILDING CONTRACT (1984 EDITION)
650 _aPRICE ADJUSTMENT FORMULAE
650 _aSUPPLEMENTAL CONDITIONS C
650 _aSUPPLEMENTAL CONDITIONS D
690 _aBUILT ENVIRONMENT-BUILDING CONTRACT FORMS
942 _n0
948 _c04/03/1997
999 _c93041
_d93041